000 00362nam a2200121Ia 4500
008 220615s9999||||xx |||||||||||||| ||und||
245 0 _aNovel Strategies in Lymphedema
546 _aEnglish[eng]
650 _aVascular surgery
700 _aVannelli, Alberto
856 _uhttps://mts.intechopen.com/storage/books/1165/authors_book/authors_book.pdf
942 _cEB
999 _c18399
_d18399